|
|
|
|
| LEADER |
00000nas a2200000 a 4500 |
| 001 |
ssj0001153 |
| 003 |
WaSeSS |
| 005 |
20200512172242.0 |
| 006 |
m d |
| 007 |
cr n |
| 008 |
891129c19899999pauqx p s 0 a0eng c |
| 010 |
|
|
|a 90656200
|
| 016 |
7 |
|
|a AA10869479
|2 JP-ToKJK
|
| 016 |
7 |
|
|a 012464086
|2 Uk
|
| 022 |
|
|
|a 1745-1035
|l 1051-0974
|y 1051-0974
|
| 030 |
|
|
|a CSTDEK
|
| 035 |
|
|
|a (WaSeSS)ssj0001153
|
| 037 |
|
|
|b Central States Communication Association, Dept. of Communication, Purdue University, West Lafayette, IN 47907
|
| 040 |
|
|
|a EXC
|b eng
|c EXC
|d EZN
|d DLC
|d NSD
|d IUL
|d DLC
|d WAU
|d NSD
|d NST
|d CAS
|d NST
|d OCLCQ
|d CDS
|d UQ1
|d TJC
|d DLC
|d OCLCQ
|d UKMGB
|d OCLCQ
|d OCLCF
|d OCLCO
|d FC@
|d UV1
|d OCLCQ
|d CSJ
|d OCLCQ
|d GILDS
|d U3G
|d NJR
|d VNS
|d WaSeSS
|
| 042 |
|
|
|a pcc
|a nsdp
|
| 050 |
0 |
0 |
|a PN4001
|b .C45
|
| 082 |
0 |
0 |
|a 302.2/05
|2 20
|
| 210 |
0 |
|
|a Commun. stud.
|
| 222 |
|
0 |
|a Communication studies
|
| 245 |
0 |
0 |
|a Communication studies
|h [electronic resource].
|
| 260 |
|
|
|a West Lafayette, Ind. :
|b Central States Communication Association,
|c 1989-
|
| 310 |
|
|
|a 5 issues yearly,
|b 2009-
|
| 321 |
|
|
|a Quarterly,
|b 1989-2008
|
| 362 |
0 |
|
|a Vol. 40, no. 1 (spring 1989)-
|
| 500 |
|
|
|a Title from cover.
|
| 500 |
|
|
|a Published: Philadelpha, PA : Taylor & Francis, <July/Aug. 2009->
|
| 506 |
|
|
|a License restrictions may limit access.
|
| 588 |
|
|
|a Latest issue consulted: Vol. 60, no. 3 (July/Aug. 2009).
|
| 650 |
|
0 |
|a Communication
|v Periodicals.
|
| 650 |
|
0 |
|a Oratory
|v Periodicals.
|
| 650 |
|
7 |
|a Communication.
|2 fast
|0 (OCoLC)fst00869952
|
| 650 |
|
7 |
|a Oratory.
|2 fast
|0 (OCoLC)fst01047214
|
| 650 |
1 |
7 |
|a Communication.
|2 rasuqam
|
| 655 |
|
0 |
|a Electronic journals.
|
| 710 |
2 |
|
|a Central States Communication Association (U.S.)
|
| 780 |
0 |
0 |
|t Central states speech journal
|x 0008-9575
|w (DLC) 90656199
|w (OCoLC)1553694
|
| 850 |
|
|
|a AU
|a ArU
|a AzTeS
|a CU-SB
|a CoFS
|a CoU
|a DLC
|a DeU
|a ICarbS
|a IaAS
|a IaU
|a InLP
|a InU
|a KMK
|a KPT
|a LU
|a MdU
|a MiEM
|a MnU
|a MoSU
|a MoU
|a NBuU
|a NN
|a NSyU
|a NcRS
|a NcU
|a NcWsW
|a NjR
|a NmU
|a OrCS
|a OU
|a PPiC
|a PU
|a TU
|a TxCM
|a ViBlbV
|a ViU
|a WaU
|
| 853 |
2 |
0 |
|8 1
|a v.
|b no.
|u 4
|v r
|i (year)
|j (season)
|w q
|x 21
|
| 853 |
2 |
0 |
|8 2
|a v.
|b no.
|u 4
|v r
|i (year)
|j (month)
|w q
|x 03
|
| 853 |
2 |
0 |
|8 3
|a v.
|b no.
|u 5
|v r
|i (year)
|j (month/month)
|w 5
|
| 856 |
4 |
0 |
|z Full text available from Research Library: 04/01/1992 to 12/31/2005
|u https://search.proquest.com/publication/36627
|
| 863 |
4 |
1 |
|8 1.1
|a <55>
|b <4>
|i <2004>
|j <24>
|
| 863 |
4 |
1 |
|8 2.1
|a <56>
|b <1>
|i <2005>
|j <03>
|
| 863 |
4 |
1 |
|8 3.1
|a <60>
|b <3>
|i <2009>
|j <07/08>
|